Insteenum Apekshika Sidhandhavum (Record no. 64433)

MARC details
000 -LEADER
fixed length control field 00419nam a2200145Ia 4500
008 - FIXED-LENGTH DATA ELEMENTS--GENERAL INFORMATION
fixed length control field 211109s9999||||xx |||||||||||||| ||und||
082 ## - DEWEY DECIMAL CLASSIFICATION NUMBER
Classification number 530
Item number VAS-I
100 ## - MAIN ENTRY--PERSONAL NAME
Personal name Vasu, A C
245 #0 - TITLE STATEMENT
Title Insteenum Apekshika Sidhandhavum
260 ## - PUBLICATION, DISTRIBUTION, ETC.
Name of publisher, distributor, etc. State Institute of Languages
Place of publication, distribution, etc. Thiruvananthapuram
Date of publication, distribution, etc. 1975
300 ## - PHYSICAL DESCRIPTION
Extent 99p.
630 ## - SUBJECT ADDED ENTRY--UNIFORM TITLE
General subdivision general stack
650 ## - SUBJECT ADDED ENTRY--TOPICAL TERM
Topical term or geographic name entry element Natural sciences & mathematics
942 ## - ADDED ENTRY ELEMENTS (KOHA)
Koha item type BOOK
650 ## - SUBJECT ADDED ENTRY--TOPICAL TERM
Form subdivision PhysicsGeneralia
Holdings
Withdrawn status Lost status Damaged status Not for loan Home library Current library Date acquired Cost, normal purchase price Total Checkouts Full call number Barcode Shelving location Date last seen Price effective from Koha item type
        SB LIBRARY SB LIBRARY 09/11/2021 100.00   530 VAS-I 00048172 GENERAL STACK 09/11/2021 09/11/2021 BOOK

Powered by Koha